Bundesliga Sieger - Statistiken

Allgemein
  • Dieses Quiz wurde 362 mal gespielt
  • Das Durchschnittsergebnis liegt bei 56 aus 61
Antwortstatistiken
Jahr Verein % Korrekt
2023 bayern
100%
2022 bayern
100%
2021 bayern
100%
2020 bayern
100%
2019 bayern
100%
2018 bayern
100%
2017 bayern
100%
2016 bayern
100%
2015 bayern
100%
2014 bayern
100%
2013 bayern
100%
2010 bayern
100%
2008 bayern
100%
2006 bayern
100%
2005 bayern
100%
2003 bayern
100%
2001 bayern
100%
2000 bayern
100%
1999 bayern
100%
1997 bayern
100%
1994 bayern
100%
1990 bayern
100%
1989 bayern
100%
1987 bayern
100%
1986 bayern
100%
1985 bayern
100%
1981 bayern
100%
1980 bayern
100%
1974 bayern
100%
1973 bayern
100%
1972 bayern
100%
1969 bayern
100%
2024 leverkusen
99%
2012 dortmund
98%
2011 dortmund
98%
2002 dortmund
98%
1996 dortmund
98%
1995 dortmund
98%
2004 bremen
90%
1993 bremen
90%
1988 bremen
90%
1965 bremen
90%
2007 stuttgart
89%
1992 stuttgart
89%
1984 stuttgart
89%
2009 wolfsburg
88%
1978 köln
80%
1964 köln
80%
1983 hsv
79%
1982 hsv
79%
1979 hsv
79%
1998 kaiserslautern
74%
1991 kaiserslautern
74%
1977 gladbach
72%
1976 gladbach
72%
1975 gladbach
72%
1971 gladbach
72%
1970 gladbach
72%
1968 nürnberg
71%
1966 1860
64%
1967 braunschweig
46%
Keine übereinstimmenden Quizze gefunden
Verteilung der Resultate
Anzahl Personen mit jedem Resultat
Perzentil nach korrekt beantworteten Fragen
Ihre Resultats-Entwicklung
Sie haben dieses Quiz noch nicht gespielt